Ballady Leonarda Cohena Spiewa Maciej-Zembaty-Lp Kpsj 001/2 (Record no. 101384)

MARC details
000 -LEADER
fixed length control field 01535njm a2200301Ia 4500
001 - CONTROL NUMBER
control field 73415
003 - CONTROL NUMBER IDENTIFIER
control field IT-RoPAU
005 - DATE AND TIME OF LATEST TRANSACTION
control field 20220918181143.0
008 - FIXED-LENGTH DATA ELEMENTS--GENERAL INFORMATION
fixed length control field 131025s9999 xx 000 0 und d
040 ## - CATALOGING SOURCE
Original cataloging agency IT-RoPAU
040 ## - CATALOGING SOURCE
Transcribing agency IT-RoPAU
041 ## - LANGUAGE CODE
Language code of text/sound track or separate title POLACCO
999 ## - SYSTEM CONTROL NUMBERS (KOHA)
Koha Dewey Subclass [OBSOLETE] n.d.
100 ## - MAIN ENTRY--PERSONAL NAME
Personal name Porter John
9 (RLIN) 24872
100 ## - MAIN ENTRY--PERSONAL NAME
Relator term Autore musica
9 (RLIN) 24873
100 ## - MAIN ENTRY--PERSONAL NAME
Miscellaneous information Codice autore musica SPICS: 25112
9 (RLIN) 24874
245 ## - TITLE STATEMENT
Title Ballady Leonarda Cohena Spiewa Maciej-Zembaty-Lp Kpsj 001/2
250 ## - EDITION STATEMENT
Edition statement 1a ed.
260 ## - PUBLICATION, DISTRIBUTION, ETC. (IMPRINT)
Place of publication, distribution, etc. POLONIA
260 ## - PUBLICATION, DISTRIBUTION, ETC. (IMPRINT)
Name of publisher, distributor, etc. POLJAZZ
Date of publication, distribution, etc. 1983 [1a Ed.:1983 - Ed. Lingua Orig.: 1983]
300 ## - PHYSICAL DESCRIPTION
Extent DISCO
500 ## - GENERAL NOTE
General note Musica jazz.
505 ## - FORMATTED CONTENTS NOTE
Formatted contents note Ptak Na Drucie (Uccello su un filo) - Opowiadanie Izaaka (Il racconto di Isaia) - Kim Jestem, Ty Wiesz (Chi sono lo sai tu) - Dzis W Nocy Bedzie Fajnie (Stanotte sarà bella) - Nauczyciele (Insegnanti) - Wydaje Sie Tak Dawno, Nancy (Sembra così lontano, Nancy) - Kto W Plomieniach? - Lover Lover - Siostry Milosierdzia (Le suore di misericordia) - Wspomienia (Ricordo) - Diamendty W Kopalny (I diamanti in miniera) - Malenka, Nie Wolno Sie Zegnac W Ten Sposob - Slynny, Niebieski Prochowiec (Famoso impermeabile blu) - Zuzanna - Czy To Jest To Czego Chcialas? - Jedno Z Nas Nie Moze Sie Mylic - Partyzant
650 ## - SUBJECT ADDED ENTRY--TOPICAL TERM
Topical term or geographic name as entry element JAZZ [DISCHI]
Relator term Codice MATERIA SPICS: 9950
9 (RLIN) 24875
700 ## - ADDED ENTRY--PERSONAL NAME
Personal name Cohen Leonard
Relator term Autore testo e musica
Miscellaneous information Codice autore testo/musica SPICS: 11296
9 (RLIN) 24876
700 ## - ADDED ENTRY--PERSONAL NAME
Personal name Zembaty M.
Miscellaneous information Codice interprete SPICS: 25187
Relator term Interprete
9 (RLIN) 24877
942 ## - ADDED ENTRY ELEMENTS (KOHA)
Koha item type DISCHI
Source of classification or shelving scheme Dewey Decimal Classification
Holdings
Withdrawn status Lost status Damaged status Not for loan Home library Current library Date acquired Total Checkouts Full call number Date last seen Price effective from Koha item type Public note
    Buone Condizioni Not For Loan SPICS-MEDIATECA SPICS-MEDIATECA 25/10/2013   73415 25/10/2013 25/10/2013 DISCHI Progr. Ins.: 17703 / N.Vol.: 2 / Copie: 1 - Copia rara: n.d. / date import: 01.01.2014 - By Epidotti, Trombetti, Vaglietti
CREDITS: SOCIETA' SAN PAOLO Via A.Severo, 58 - ROMA (RM) & PERIODICI SAN PAOLO SRL Via Giotto, 36 MILANO & CISF Via Giotto, 36 MILANO & EDIZIONI SAN PAOLO SRL,  Piazza Soncino, 5 CINISELLO BALSAMO (MI) -- ITALY